00730nam a2200217 a 450000100100000000500170001000800410002702000150006804000250008308200130010810000340012124000200015524500610017526000320023630000430026849000490031150400280036060000490038870000260043783000490046300003661620200930075830.0120123s1984 sp ac 000 0 spa d z8434581489 aDO-SdBNPbspacBNPHU axxxbxxx1 aMaurois, André,d1885-1967.10aNapoleónleng10aNapoleón /cAnré Maurois ; prólogo, Carmen Llorca. aBarcelona :bSalvat,c1984. a189 p. :bil., retrs., mapas ;c20 cm.1 aBiblioteca Salvat de grandes biografíasv1 aBibliografía : p. 18904aNAPOLEÓNcIMPERADOR DE FRANCIAd1769-1821.12aLlorca, Carmeneprol. 0aBiblioteca Salvat de grandes biografíasn1